000 01397cam a2200349 i 4500
001 41694
003 Mx-PuUPA
005 20240817133304.0
008 140415s2005 mx abd gr 000 0 spa d
020 _a970722407X
040 _cMx-PuUPA
_aMx-PuUPA
_bspa
_dMx-PuUPA
_erda
041 0 _aspa
245 0 3 _aLa producción de vivienda del sector privado y su problemática en el municipio de Ixtapaluca /
_cEsther Maya Pérez, Jorge F. Cervantes Borja, coordinadores
250 _aPrimera edición
264 1 _aMéxico, D. F. :
_bPlaza y Valdés,
_c2005
300 _a208 páginas :
_bilustraciones, gráficas, croquis, tablas ;
_c23 cm
336 _2rdacontent
_atexto
_btxt
337 _2rdamedia
_asin medio
_bn
338 _2rdacarrier
_avolumen
_bnc
650 7 _2armarc
_aVivienda
650 7 _2armarc
_aVivienda
_zMéxico
_zIxtapaluca (Municipio)
650 7 _2armarc
_aSociología urbana
_zMéxico
650 7 _2armarc
_aComunidades planificadas
_zMéxico
_zIxtapaluca (Municipio)
650 7 _2armarc
_aDesarrollo habitacional
_zMéxico
650 7 _2armarc
_aVivienda
_zMéxico
700 1 _aMaya Pérez, Esther,
_916031
_ecoordinador
700 1 _aCervantes Borja, Jorge F.,
_ecoordinador
942 _2ddc
_cLI
_h363.585097252
_iP962
999 _c41694
_d41694